| 000 | 00555nam a2200169Ia 4500 | ||
|---|---|---|---|
| 003 | GCL | ||
| 008 | 140319s9999 xx 000 0 ara d | ||
| 040 |
_aGCL / _cGCL |
||
| 082 | 0 | 4 |
_a214 _bم ق |
| 100 | 1 | _aمحمد السيد الوكيل | |
| 245 | 1 | 0 |
_aقواعد البناء فى المجتمع الاسلامى / _cمحمد السيد الوكيل |
| 260 |
_a[S.N] : _bدار الوفاء للطباعة والنشر والتوزيع ، _c1986 |
||
| 300 | _a168 ص | ||
| 490 | _a | ||
| 650 | 0 | 4 | _aالمجتمع الاسلامي |
| 942 |
_2ddc _cBK |
||
| 999 |
_c54312 _d54312 |
||